zpět

Detail výsledku týmu

Limbo, Brno

Datum a čas kvízu

39.5 Celkem bodů Celkový počet nahraných bodů na tomto kvízu bez doplňovacích otázek.
1. Pořadí na kvízu Konečné umístění týmu na tomto kvízu.

Zaznamenané odpovědi

# Otázka Odpověď Body Výsledky
1. Vláda na svém středečním jedná... 1
2. Jisté domácí zvíře má raději l... 1
3. Zpěvák Janek Ledecký, moderáto... 1
4. Evropská organizace pro jadern... 0
5. Na letošním US Open provázel t... 0
6. Rodné číslo je jednoznačný čís... 1
7. Aby bylo možno snadno detekova... 1
8. Která z uvedených kombinací mů... 1
9. Změna rodného čísla během živo... 0
10. S rodnými čísly souvisí i obča... 1